[Event "II Magistral Blitz Quart"]
[Site "Quart de Poblet, Spain"]
[Date "2019.08.08"]
[Round "7.5"]
[White "Redondo Flores, David"]
[Black "Hassomal Daswani, Birjkumar"]
[Result "0-1"]
[WhiteElo "2009"]
[BlackElo "1971"]
[PlyCount "82"]
[EventDate "2019.??.??"]

1. e4 {[%clk 00:07:05]} 1... c5 {[%clk 00:07:05]} 2. Nf3 {[%clk 00:07:06]} 2...
e6 {[%clk 00:07:07]} 3. d4 {[%clk 00:07:08]} 3... cxd4 {
[%clk 00:07:09]  [%emt 00:00:14]} 4. Nxd4 {[%clk 00:07:09]} 4... Bc5 {
[%clk 00:07:09]} 5. Nb3 {[%clk 00:07:04]  [%emt 00:00:26]} 5... Bb6 {
[%clk 00:07:11]} 6. Nc3 {[%clk 00:07:00]} 6... Ne7 {[%clk 00:07:11]} 7. Be2 {
[%clk 00:06:26]  [%emt 00:00:23]} 7... O-O {[%clk 00:07:12]  [%emt 00:00:18]}
8. a4 {[%clk 00:06:15]  [%emt 00:00:07]} 8... a6 {[%clk 00:07:08]} 9. a5 {
[%clk 00:06:06]  [%emt 00:00:10]} 9... Ba7 {[%clk 00:06:45]  [%emt 00:00:29]}
10. O-O {[%clk 00:06:00]  [%emt 00:00:14]} 10... f5 {[%clk 00:06:42]} 11. Bf3 {
[%clk 00:05:22]  [%emt 00:00:47]} 11... fxe4 {[%clk 00:06:41]} 12. Bxe4 {
[%clk 00:05:19]  [%emt 00:00:09]} 12... d5 {[%clk 00:06:33]  [%emt 00:00:07]}
13. Bd3 {[%clk 00:05:13]  [%emt 00:00:07]} 13... e5 {
[%clk 00:05:51]  [%emt 00:00:44]} 14. Bg5 {[%clk 00:04:57]  [%emt 00:00:19]}
14... Be6 {[%clk 00:05:35]  [%emt 00:00:47]} 15. Ra4 {[%clk 00:04:42]} 15... e4
{[%clk 00:05:23]  [%emt 00:00:06]} 16. Be2 {[%clk 00:04:39]  [%emt 00:00:08]}
16... Nbc6 {[%clk 00:05:20]  [%emt 00:00:07]} 17. Bg4 {
[%clk 00:04:22]  [%emt 00:00:17]} 17... Qd7 {[%clk 00:05:02]  [%emt 00:00:23]}
18. Bxe6+ {[%clk 00:04:21]  [%emt 00:00:06]} 18... Qxe6 {[%clk 00:05:03]} 19.
Ne2 {[%clk 00:03:53]  [%emt 00:00:27]} 19... Qe5 {
[%clk 00:04:12]  [%emt 00:00:56]} 20. Bh4 {[%clk 00:03:39]  [%emt 00:00:20]}
20... Nf5 {[%clk 00:03:23]  [%emt 00:01:01]} 21. Bg3 {
[%clk 00:03:28]  [%emt 00:00:03]} 21... Nxg3 {[%clk 00:03:24]  [%emt 00:00:04]}
22. hxg3 {[%clk 00:03:29]} 22... Rad8 {[%clk 00:03:15]  [%emt 00:00:13]} 23.
Nbd4 {[%clk 00:03:26]  [%emt 00:00:07]} 23... Rf6 {
[%clk 00:02:26]  [%emt 00:00:48]} 24. c3 {[%clk 00:03:09]  [%emt 00:00:21]}
24... Rdf8 {[%clk 00:02:05]  [%emt 00:00:36]} 25. Nf4 {
[%clk 00:02:18]  [%emt 00:00:51]} 25... g5 {[%clk 00:01:56]  [%emt 00:00:17]}
26. Nh5 {[%clk 00:01:53]  [%emt 00:00:12]} 26... Rh6 {
[%clk 00:01:57]  [%emt 00:00:09]} 27. g4 {[%clk 00:01:55]} 27... Qe8 {
[%clk 00:01:46]  [%emt 00:00:09]} 28. Ne2 {[%clk 00:01:45]  [%emt 00:00:26]}
28... Qe5 {[%clk 00:01:42]} 29. Qd2 {[%clk 00:01:35]  [%emt 00:00:07]} 29...
Kh8 {[%clk 00:01:36]  [%emt 00:00:10]} 30. Nd4 {
[%clk 00:01:16]  [%emt 00:00:33]} 30... Bb8 {[%clk 00:01:29]} 31. g3 {
[%clk 00:01:13]  [%emt 00:00:06]} 31... Ba7 {[%clk 00:01:26]  [%emt 00:00:09]}
32. Kg2 {[%clk 00:01:13]  [%emt 00:00:04]} 32... Ne7 {
[%clk 00:01:15]  [%emt 00:00:16]} 33. Rb4 {[%clk 00:01:06]  [%emt 00:00:04]}
33... Qc7 {[%clk 00:00:57]  [%emt 00:00:19]} 34. Qxg5 {
[%clk 00:00:52]  [%emt 00:00:23]} 34... Rg6 {[%clk 00:00:52]  [%emt 00:00:03]}
35. Qh4 {[%clk 00:00:33]  [%emt 00:00:36]} 35... Bc5 {[%clk 00:00:53]} 36. Rb3
{[%clk 00:00:34]} 36... Qd7 {[%clk 00:00:51]} 37. Nf5 {
[%clk 00:00:18]  [%emt 00:00:13]} 37... Nxf5 {[%clk 00:00:47]  [%emt 00:00:40]}
38. gxf5 {[%clk 00:00:19]} 38... Qxf5 {[%clk 00:00:43]} 39. Rxb7 {
[%clk 00:00:17]  [%emt 00:00:04]} 39... Rg4 {[%emt 00:00:44]} 40. Rxh7+ Kxh7
41. Nf6+ Kg7 0-1

[Event "II Magistral Blitz Quart"]
[Site "Quart de Poblet, Spain"]
[Date "2019.08.08"]
[Round "8.1"]
[White "Kovacevic, Slobodan"]
[Black "Hassomal Daswani, Birjkumar"]
[Result "1-0"]
[WhiteElo "2395"]
[BlackElo "1971"]
[PlyCount "93"]
[EventDate "2019.??.??"]

1. d4 {[%clk 00:07:05]} 1... Nf6 {[%clk 00:07:05]  [%emt 00:00:05]} 2. Nf3 {
[%clk 00:07:07]} 2... g6 {[%clk 00:07:03]  [%emt 00:00:09]} 3. Bg5 {
[%clk 00:07:09]} 3... Bg7 {[%clk 00:07:05]} 4. Nbd2 {[%clk 00:07:10]} 4... d6 {
[%clk 00:07:05]  [%emt 00:00:09]} 5. c3 {[%clk 00:07:12]} 5... O-O {
[%clk 00:07:02]} 6. e4 {[%clk 00:07:14]} 6... h6 {
[%clk 00:06:56]  [%emt 00:00:12]} 7. Bh4 {[%clk 00:07:16]} 7... c6 {
[%clk 00:06:54]  [%emt 00:00:06]} 8. a4 {[%clk 00:07:16]  [%emt 00:00:04]} 8...
Nbd7 {[%clk 00:06:56]} 9. Be2 {[%clk 00:07:16]} 9... Re8 {
[%clk 00:06:58]  [%emt 00:00:13]} 10. Qc2 {[%clk 00:07:17]} 10... Qc7 {
[%clk 00:06:59]} 11. O-O {[%clk 00:07:19]} 11... e5 {
[%clk 00:06:57]  [%emt 00:00:09]} 12. dxe5 {[%clk 00:07:21]} 12... dxe5 {
[%clk 00:06:57]} 13. a5 {[%clk 00:07:20]} 13... Nc5 {
[%clk 00:06:54]  [%emt 00:00:05]} 14. Rfe1 {[%clk 00:07:20]  [%emt 00:00:05]}
14... Ne6 {[%clk 00:06:47]  [%emt 00:00:06]} 15. Nc4 {
[%clk 00:07:19]  [%emt 00:00:06]} 15... Nf4 {[%clk 00:06:43]  [%emt 00:00:04]}
16. Bf1 {[%clk 00:07:21]  [%emt 00:00:06]} 16... g5 {
[%clk 00:06:25]  [%emt 00:00:18]} 17. Bg3 {[%clk 00:07:23]} 17... N6h5 {
[%clk 00:06:26]  [%emt 00:00:06]} 18. Nfd2 {[%clk 00:07:21]  [%emt 00:00:04]}
18... Be6 {[%clk 00:06:15]  [%emt 00:00:11]} 19. Ne3 {[%clk 00:07:23]} 19...
Rad8 {[%clk 00:06:07]  [%emt 00:00:12]} 20. b4 {
[%clk 00:07:15]  [%emt 00:00:11]} 20... Rd7 {[%clk 00:05:55]  [%emt 00:00:15]}
21. Nb3 {[%clk 00:07:04]  [%emt 00:00:14]} 21... b6 {
[%clk 00:05:52]  [%emt 00:00:05]} 22. Bc4 {[%clk 00:06:59]  [%emt 00:00:09]}
22... Red8 {[%clk 00:05:41]  [%emt 00:00:19]} 23. Bxe6 {[%clk 00:07:00]} 23...
Nxe6 {[%clk 00:05:42]} 24. Rad1 {[%clk 00:06:41]  [%emt 00:00:21]} 24... Nhf4 {
[%clk 00:05:41]  [%emt 00:00:07]} 25. Rxd7 {[%clk 00:06:34]  [%emt 00:00:07]}
25... Rxd7 {[%clk 00:05:42]  [%emt 00:00:07]} 26. Rd1 {
[%clk 00:06:32]  [%emt 00:00:09]} 26... Bf8 {[%clk 00:05:41]} 27. h3 {
[%clk 00:06:30]} 27... h5 {[%clk 00:05:32]  [%emt 00:00:13]} 28. h4 {
[%clk 00:06:25]  [%emt 00:00:08]} 28... g4 {[%clk 00:05:26]  [%emt 00:00:09]}
29. Nc4 {[%clk 00:05:29]  [%emt 00:00:58]} 29... Rxd1+ {
[%clk 00:04:54]  [%emt 00:00:38]} 30. Qxd1 {[%clk 00:05:32]} 30... Be7 {
[%clk 00:04:45]  [%emt 00:00:10]} 31. Qd2 {[%clk 00:05:09]  [%emt 00:00:25]}
31... f6 {[%clk 00:04:46]  [%emt 00:00:06]} 32. Ne3 {
[%clk 00:05:05]  [%emt 00:00:04]} 32... Kf7 {[%clk 00:04:24]  [%emt 00:00:24]}
33. Kf1 {[%clk 00:04:55]  [%emt 00:00:13]} 33... Bf8 {
[%clk 00:04:11]  [%emt 00:00:16]} 34. Nf5 {[%clk 00:04:56]  [%emt 00:00:06]}
34... c5 {[%clk 00:03:58]  [%emt 00:00:13]} 35. axb6 {
[%clk 00:04:51]  [%emt 00:00:13]} 35... axb6 {[%clk 00:03:58]} 36. b5 {
[%clk 00:04:48]  [%emt 00:00:07]} 36... c4 {[%clk 00:03:50]  [%emt 00:00:09]}
37. Nc1 {[%clk 00:04:45]  [%emt 00:00:05]} 37... Kg6 {
[%clk 00:03:26]  [%emt 00:00:26]} 38. Bxf4 {[%clk 00:04:34]  [%emt 00:00:19]}
38... exf4 {[%clk 00:03:18]  [%emt 00:00:10]} 39. Qd5 {[%clk 00:04:36]} 39...
Kf7 {[%clk 00:02:41]  [%emt 00:00:38]} 40. Ne2 {
[%clk 00:04:32]  [%emt 00:00:09]} 40... Qe5 {[%clk 00:01:42]  [%emt 00:01:03]}
41. f3 {[%clk 00:03:52]  [%emt 00:00:40]} 41... g3 {
[%clk 00:01:20]  [%emt 00:00:26]} 42. Qxc4 {[%clk 00:03:33]  [%emt 00:00:22]}
42... Bc5 {[%clk 00:01:12]  [%emt 00:00:10]} 43. Qd5 {
[%clk 00:03:27]  [%emt 00:00:10]} 43... Kg6 {[%clk 00:01:06]  [%emt 00:00:08]}
44. Qd7 {[%clk 00:03:09]  [%emt 00:00:22]} 44... Bf8 {
[%clk 00:00:51]  [%emt 00:00:18]} 45. Qe8+ {[%clk 00:03:09]  [%emt 00:00:05]}
45... Kh7 {[%clk 00:00:48]  [%emt 00:00:06]} 46. Qxh5+ {
[%clk 00:03:05]  [%emt 00:00:07]} 46... Kg8 {[%clk 00:00:50]} 47. Qg6+ {
[%clk 00:02:41]  [%emt 00:00:26]} 1-0

[Event "II Magistral Blitz Quart"]
[Site "Quart de Poblet, Spain"]
[Date "2019.08.08"]
[Round "8.2"]
[White "Lara Lopez, Jose"]
[Black "Redondo Flores, David"]
[Result "0-1"]
[WhiteElo "2271"]
[BlackElo "2009"]
[PlyCount "34"]
[EventDate "2019.??.??"]

1. e4 {[%clk 00:07:05]  [%emt 00:00:34]} 1... c5 {[%clk 00:07:06]} 2. Nc3 {
[%clk 00:07:02]} 2... a6 {[%clk 00:07:08]} 3. g3 {[%clk 00:06:55]} 3... b5 {
[%clk 00:07:07]} 4. Bg2 {[%clk 00:06:56]} 4... Bb7 {[%clk 00:07:08]} 5. Nge2 {
[%clk 00:06:56]  [%emt 00:00:04]} 5... e6 {[%clk 00:07:07]} 6. O-O {
[%clk 00:06:56]  [%emt 00:00:03]} 6... d5 {[%clk 00:06:43]  [%emt 00:00:23]} 7.
exd5 {[%clk 00:06:56]  [%emt 00:00:15]} 7... exd5 {[%clk 00:06:44]} 8. d4 {
[%clk 00:06:58]} 8... c4 {[%clk 00:06:24]  [%emt 00:00:27]} 9. Nf4 {
[%clk 00:06:12]  [%emt 00:00:35]} 9... Nf6 {[%clk 00:06:25]  [%emt 00:00:09]}
10. Re1+ {[%clk 00:06:10]  [%emt 00:00:08]} 10... Be7 {[%clk 00:06:26]} 11. Qe2
{[%clk 00:05:53]  [%emt 00:00:14]} 11... Ra7 {[%clk 00:05:42]  [%emt 00:00:45]}
12. Nh5 {[%clk 00:04:45]  [%emt 00:01:26]} 12... Nxh5 {
[%clk 00:04:15]  [%emt 00:01:16]} 13. Qxh5 {[%clk 00:04:46]  [%emt 00:00:03]}
13... O-O {[%clk 00:04:12]  [%emt 00:00:06]} 14. Nxd5 {
[%clk 00:04:17]  [%emt 00:00:31]} 14... Bxd5 {[%clk 00:04:07]  [%emt 00:00:08]}
15. Qxd5 {[%clk 00:04:07]  [%emt 00:00:13]} 15... Rd7 {
[%clk 00:04:08]  [%emt 00:00:07]} 16. Qe4 {[%clk 00:04:01]  [%emt 00:00:05]}
16... Bf6 {[%clk 00:03:49]  [%emt 00:00:49]} 17. c3 {[%clk 00:04:00]} 17... Re7
{[%clk 00:03:51]} 0-1

[Event "II Magistral Blitz Quart"]
[Site "Quart de Poblet, Spain"]
[Date "2019.08.08"]
[Round "8.3"]
[White "Chernikov, Vladimir"]
[Black "Ordonez Carrasco, Jorge"]
[Result "1-0"]
[WhiteElo "2052"]
[BlackElo "1559"]
[PlyCount "69"]
[EventDate "2019.??.??"]

1. c4 {[%clk 00:07:05]} 1... Nf6 {[%clk 00:07:05]  [%emt 00:00:04]} 2. Nc3 {
[%clk 00:07:08]} 2... g6 {[%clk 00:07:07]} 3. e4 {
[%clk 00:07:10]  [%emt 00:00:04]} 3... d6 {[%clk 00:07:08]} 4. d4 {
[%clk 00:07:12]} 4... Bg7 {[%clk 00:07:10]  [%emt 00:00:04]} 5. h3 {
[%clk 00:07:14]} 5... O-O {[%clk 00:07:08]  [%emt 00:00:11]} 6. Be3 {
[%clk 00:07:17]} 6... e5 {[%clk 00:07:01]} 7. d5 {[%clk 00:07:19]} 7... Nbd7 {
[%clk 00:07:01]  [%emt 00:00:15]} 8. Nge2 {[%clk 00:07:14]} 8... a5 {
[%clk 00:06:52]  [%emt 00:00:06]} 9. g4 {[%clk 00:07:16]  [%emt 00:00:11]} 9...
Nc5 {[%clk 00:06:51]  [%emt 00:00:03]} 10. Ng3 {[%clk 00:07:17]} 10... b6 {
[%clk 00:06:46]  [%emt 00:00:04]} 11. Qd2 {[%clk 00:07:16]  [%emt 00:00:07]}
11... a4 {[%clk 00:06:04]  [%emt 00:00:40]} 12. Be2 {
[%clk 00:07:10]  [%emt 00:00:16]} 12... Qe8 {[%clk 00:05:32]  [%emt 00:00:31]}
13. Rg1 {[%clk 00:07:01]  [%emt 00:00:29]} 13... Rb8 {
[%clk 00:04:44]  [%emt 00:00:34]} 14. f3 {[%clk 00:06:53]  [%emt 00:00:20]}
14... c6 {[%clk 00:04:31]  [%emt 00:00:05]} 15. g5 {
[%clk 00:06:41]  [%emt 00:00:17]} 15... Nh5 {[%clk 00:04:18]  [%emt 00:00:13]}
16. Nxh5 {[%clk 00:06:42]  [%emt 00:00:31]} 16... gxh5 {[%clk 00:04:19]} 17.
dxc6 {[%clk 00:06:42]} 17... Qxc6 {[%clk 00:04:20]  [%emt 00:00:04]} 18. Nd5 {
[%clk 00:06:13]  [%emt 00:00:06]} 18... Rb7 {[%clk 00:03:53]  [%emt 00:00:30]}
19. Rb1 {[%clk 00:05:48]  [%emt 00:00:31]} 19... Be6 {
[%clk 00:03:41]  [%emt 00:00:14]} 20. b4 {[%clk 00:05:43]  [%emt 00:00:15]}
20... axb3 {[%clk 00:03:43]} 21. axb3 {[%clk 00:05:43]} 21... Bxd5 {
[%clk 00:03:32]  [%emt 00:00:18]} 22. Qxd5 {[%clk 00:05:15]  [%emt 00:00:27]}
22... Qxd5 {[%clk 00:03:22]  [%emt 00:00:20]} 23. exd5 {[%clk 00:05:09]} 23...
e4 {[%clk 00:03:11]  [%emt 00:00:11]} 24. b4 {[%clk 00:04:32]  [%emt 00:00:41]}
24... Bc3+ {[%clk 00:02:49]  [%emt 00:00:23]} 25. Kf2 {
[%clk 00:04:34]  [%emt 00:00:34]} 25... Nd3+ {[%clk 00:02:38]  [%emt 00:00:04]}
26. Bxd3 {[%clk 00:04:23]  [%emt 00:00:17]} 26... exd3 {[%clk 00:02:37]} 27.
Rb3 {[%clk 00:04:18]  [%emt 00:00:04]} 27... Bg7 {
[%clk 00:02:25]  [%emt 00:00:03]} 28. Rxd3 {[%clk 00:04:18]} 28... Re8 {
[%clk 00:02:27]  [%emt 00:00:04]} 29. Bf4 {[%clk 00:03:57]  [%emt 00:00:47]}
29... Rbe7 {[%clk 00:02:08]  [%emt 00:00:14]} 30. Bxd6 {
[%clk 00:03:41]  [%emt 00:00:19]} 30... Re2+ {[%clk 00:02:10]} 31. Kg3 {
[%clk 00:03:43]} 31... f6 {[%clk 00:01:30]  [%emt 00:00:24]} 32. h4 {
[%clk 00:03:18]  [%emt 00:00:29]} 32... fxg5 {[%clk 00:01:14]  [%emt 00:00:18]}
33. hxg5 {[%clk 00:03:20]  [%emt 00:00:26]} 33... h4+ {[%clk 00:01:03]} 34.
Kxh4 {[%clk 00:03:20]} 34... Rh2+ {[%clk 00:01:06]} 35. Bxh2 {[%clk 00:03:22]}
1-0

[Event "II Magistral Blitz Quart"]
[Site "Quart de Poblet, Spain"]
[Date "2019.08.08"]
[Round "8.4"]
[White "Movsisyan, Tigran"]
[Black "Galvan, Jesus"]
[Result "0-1"]
[WhiteElo "1310"]
[BlackElo "2200"]
[PlyCount "124"]
[EventDate "2019.??.??"]

1. d4 {[%clk 00:07:05]} 1... d6 {[%clk 00:07:01]  [%emt 00:00:03]} 2. Nf3 {
[%clk 00:07:05]  [%emt 00:00:06]} 2... f5 {[%clk 00:07:03]} 3. c4 {
[%clk 00:07:05]  [%emt 00:00:03]} 3... Nf6 {[%clk 00:07:05]} 4. Nc3 {
[%clk 00:07:07]} 4... g6 {[%clk 00:07:08]} 5. Bf4 {
[%clk 00:07:04]  [%emt 00:00:09]} 5... Bg7 {[%clk 00:07:10]} 6. e3 {
[%clk 00:07:06]} 6... O-O {[%clk 00:07:11]  [%emt 00:00:08]} 7. Bd3 {
[%clk 00:07:00]  [%emt 00:00:03]} 7... Qe8 {[%clk 00:06:56]  [%emt 00:00:15]}
8. O-O {[%emt 00:00:32]} 8... Nh5 9. Bg3 {[%clk 00:06:47]} 9... Nxg3 {
[%clk 00:06:55]} 10. hxg3 {[%clk 00:06:49]} 10... e5 {[%clk 00:06:57]} 11. dxe5
{[%clk 00:06:44]  [%emt 00:00:18]} 11... dxe5 {[%clk 00:06:59]} 12. Be2 {
[%clk 00:06:43]} 12... e4 {[%clk 00:06:58]} 13. Ng5 {
[%clk 00:06:39]  [%emt 00:00:05]} 13... c6 {[%clk 00:07:00]  [%emt 00:00:15]}
14. c5 {[%clk 00:06:34]  [%emt 00:00:04]} 14... h6 {[%clk 00:06:57]} 15. Bc4+ {
[%clk 00:06:34]} 15... Kh8 {[%clk 00:07:00]} 16. Nh3 {
[%clk 00:06:32]  [%emt 00:00:04]} 16... Be6 {[%clk 00:07:01]  [%emt 00:00:03]}
17. Bxe6 {[%clk 00:06:30]  [%emt 00:00:12]} 17... Qxe6 {[%clk 00:07:03]} 18.
Nf4 {[%clk 00:06:32]} 18... Qf7 {[%clk 00:07:05]} 19. Qd6 {[%clk 00:06:31]}
19... Kh7 {[%clk 00:07:07]} 20. Ne6 {[%clk 00:06:26]  [%emt 00:00:17]} 20...
Na6 {[%clk 00:06:59]  [%emt 00:00:03]} 21. Nxf8+ {
[%clk 00:06:23]  [%emt 00:00:04]} 21... Bxf8 {[%clk 00:07:00]  [%emt 00:00:06]}
22. Qd2 {[%clk 00:06:10]  [%emt 00:00:10]} 22... Nxc5 {
[%clk 00:06:58]  [%emt 00:00:11]} 23. Rfd1 {[%clk 00:06:03]  [%emt 00:00:08]}
23... Nd3 {[%clk 00:06:58]  [%emt 00:00:04]} 24. Ne2 {
[%clk 00:05:54]  [%emt 00:00:08]} 24... Bg7 {[%clk 00:06:52]  [%emt 00:00:10]}
25. Nc3 {[%clk 00:05:09]  [%emt 00:00:46]} 25... Rd8 {
[%clk 00:06:45]  [%emt 00:00:40]} 26. f3 {[%clk 00:05:09]} 26... Qe6 {
[%clk 00:06:23]  [%emt 00:00:04]} 27. fxe4 {[%clk 00:04:46]  [%emt 00:00:24]}
27... fxe4 {[%clk 00:06:25]} 28. Qe2 {[%clk 00:04:37]  [%emt 00:00:09]} 28...
c5 {[%clk 00:06:11]  [%emt 00:00:24]} 29. Rab1 {
[%clk 00:03:32]  [%emt 00:01:01]} 29... c4 {[%clk 00:06:07]  [%emt 00:00:39]}
30. Rf1 {[%clk 00:03:08]  [%emt 00:00:04]} 30... a6 {
[%clk 00:06:03]  [%emt 00:00:03]} 31. a4 {[%clk 00:03:08]  [%emt 00:00:03]}
31... Rd7 {[%clk 00:05:53]  [%emt 00:00:12]} 32. Qc2 {
[%clk 00:02:45]  [%emt 00:00:25]} 32... Qe5 {[%clk 00:04:47]  [%emt 00:01:06]}
33. Ne2 {[%clk 00:02:23]  [%emt 00:00:24]} 33... b5 {
[%clk 00:04:48]  [%emt 00:00:10]} 34. axb5 {[%clk 00:02:14]  [%emt 00:00:05]}
34... axb5 {[%clk 00:04:50]  [%emt 00:00:08]} 35. b3 {
[%clk 00:01:54]  [%emt 00:00:18]} 35... c3 {[%clk 00:04:48]  [%emt 00:00:10]}
36. Ra1 {[%clk 00:01:45]  [%emt 00:00:06]} 36... Nb4 {
[%clk 00:03:55]  [%emt 00:00:56]} 37. Qc1 {[%clk 00:00:53]  [%emt 00:00:53]}
37... h5 {[%clk 00:03:43]  [%emt 00:00:30]} 38. Nd4 {[%clk 00:00:52]} 38...
Qxg3 {[%clk 00:03:19]  [%emt 00:00:18]} 39. Qxc3 {[%clk 00:00:54]} 39... Nd5 {
[%clk 00:03:22]  [%emt 00:00:29]} 40. Qe1 {[%clk 00:00:24]  [%emt 00:00:10]}
40... Qxe3+ {[%clk 00:03:04]  [%emt 00:00:19]} 41. Qxe3 {
[%clk 00:00:19]  [%emt 00:00:05]} 41... Nxe3 {[%clk 00:03:06]} 42. Nxb5 {
[%clk 00:00:04]  [%emt 00:00:32]} 42... Rd2 {[%clk 00:01:47]  [%emt 00:01:08]}
43. Rf7 {[%clk 00:00:05]  [%emt 00:00:07]} 43... Kh6 {
[%clk 00:01:22]  [%emt 00:00:22]} 44. Raa7 {[%clk 00:00:05]  [%emt 00:00:19]}
44... Be5 {[%clk 00:01:07]  [%emt 00:00:07]} 45. Rh7+ {
[%clk 00:00:08]  [%emt 00:00:03]} 45... Kg5 {[%clk 00:01:08]} 46. Na3 {
[%clk 00:00:04]  [%emt 00:00:04]} 46... Rxg2+ {[%clk 00:01:06]  [%emt 00:00:05]
} 47. Kh1 {[%clk 00:00:07]} 47... Rh2+ {[%clk 00:00:20]  [%emt 00:00:48]} 48.
Kg1 {[%clk 00:00:09]} 48... Nf5 {[%clk 00:00:09]  [%emt 00:00:13]} 49. Ra5 {
[%clk 00:00:05]  [%emt 00:00:35]} 49... Bf4 {[%clk 00:00:09]} 50. Nc4 {
[%emt 00:00:04]} 50... Rc2 {[%clk 00:00:08]} 51. Rc7 {[%clk 00:00:04]} 51... h4
{[%clk 00:00:09]} 52. Rcc5 {[%clk 00:00:06]} 52... h3 {[%clk 00:00:11]} 53. Ra1
{[%emt 00:00:04]} 53... h2+ {[%clk 00:00:10]} 54. Kh1 {[%clk 00:00:06]} 54...
Kg4 {[%clk 00:00:12]} 55. Rxf5 {[%clk 00:00:07]} 55... gxf5 {
[%clk 00:00:13]  [%emt 00:00:04]} 56. Nb6 {[%clk 00:00:07]} 56... Rc1+ {
[%clk 00:00:12]  [%emt 00:00:04]} 57. Rxc1 {[%clk 00:00:08]} 57... Bxc1 58. Nd5
e3 {[%clk 00:00:14]  [%emt 00:00:08]} 59. Nf6+ {
[%clk 00:00:10]  [%emt 00:00:04]} 59... Kf3 {[%clk 00:00:15]} 60. Kxh2 {
[%clk 00:00:11]} 60... e2 {[%clk 00:00:16]} 61. Ng4 {[%emt 00:00:31]} 61...
fxg4 {[%clk 00:00:13]} 62. b4 {[%clk 00:00:06]  [%emt 00:00:10]} 62... e1=Q {
[%clk 00:00:13]} 0-1

[Event "II Magistral Blitz Quart"]
[Site "Quart de Poblet, Spain"]
[Date "2019.08.08"]
[Round "8.5"]
[White "Sanchez Saez, Francisco"]
[Black "Galvan Cipriani, Viviana"]
[Result "1-0"]
[WhiteElo "2186"]
[BlackElo "2015"]
[PlyCount "79"]
[EventDate "2019.??.??"]

1. Nf3 {[%clk 00:07:03]  [%emt 00:00:10]} 1... c5 {[%clk 00:07:04]} 2. e4 {
[%clk 00:07:05]} 2... Nc6 {[%clk 00:07:05]} 3. d4 {[%clk 00:07:07]} 3... cxd4 {
[%clk 00:07:06]  [%emt 00:00:09]} 4. Nxd4 {[%clk 00:07:09]} 4... e5 {
[%clk 00:07:07]  [%emt 00:00:03]} 5. Nb5 {[%clk 00:06:28]  [%emt 00:00:39]}
5... Nf6 {[%clk 00:07:00]  [%emt 00:00:09]} 6. N5c3 {
[%clk 00:06:22]  [%emt 00:00:18]} 6... d6 {[%clk 00:06:36]  [%emt 00:00:20]} 7.
Bc4 {[%clk 00:06:12]  [%emt 00:00:10]} 7... Be6 {
[%clk 00:06:36]  [%emt 00:00:24]} 8. Bd5 {[%clk 00:05:51]  [%emt 00:00:12]}
8... h6 {[%clk 00:06:06]  [%emt 00:00:23]} 9. O-O {
[%clk 00:05:49]  [%emt 00:00:43]} 9... Be7 {[%clk 00:05:44]} 10. Nd2 {
[%clk 00:05:37]  [%emt 00:00:04]} 10... Bxd5 {[%clk 00:05:42]  [%emt 00:00:06]}
11. Nxd5 {[%clk 00:05:34]  [%emt 00:00:09]} 11... Nxd5 {[%clk 00:05:42]} 12.
exd5 {[%clk 00:05:36]  [%emt 00:00:04]} 12... Nd4 {
[%clk 00:04:58]  [%emt 00:01:05]} 13. c3 {[%clk 00:05:33]  [%emt 00:00:04]}
13... Nb5 {[%clk 00:04:54]} 14. Ne4 {[%clk 00:04:36]  [%emt 00:00:45]} 14...
O-O {[%clk 00:04:50]  [%emt 00:00:19]} 15. f4 {[%clk 00:04:36]} 15... f5 {
[%clk 00:04:47]  [%emt 00:00:11]} 16. Ng3 {[%clk 00:04:10]  [%emt 00:00:15]}
16... Qb6+ {[%clk 00:04:24]  [%emt 00:00:27]} 17. Kh1 {[%clk 00:04:12]} 17...
e4 {[%clk 00:04:25]  [%emt 00:00:14]} 18. Qh5 {[%clk 00:03:47]  [%emt 00:00:42]
} 18... Nc7 {[%clk 00:00:25]  [%emt 00:03:39]} 19. Nxf5 {
[%clk 00:03:39]  [%emt 00:00:37]} 19... Bf6 {[%clk 00:00:27]} 20. Be3 {
[%clk 00:03:30]  [%emt 00:00:03]} 20... Qb5 {[%clk 00:00:06]  [%emt 00:00:09]}
21. Rad1 {[%clk 00:02:58]  [%emt 00:00:33]} 21... Qd7 {
[%clk 00:00:05]  [%emt 00:00:17]} 22. Qg4 {[%clk 00:02:41]  [%emt 00:00:07]}
22... Kh7 {[%clk 00:00:04]  [%emt 00:00:16]} 23. Nxh6 {
[%clk 00:02:34]  [%emt 00:00:10]} 23... Qxg4 {[%clk 00:00:04]} 24. Nxg4 {
[%clk 00:02:35]} 24... Rae8 {[%clk 00:00:04]} 25. f5 {
[%clk 00:02:23]  [%emt 00:00:12]} 25... b6 {[%clk 00:00:04]  [%emt 00:00:04]}
26. g3 {[%clk 00:02:10]  [%emt 00:00:16]} 26... Na6 {
[%clk 00:00:04]  [%emt 00:00:05]} 27. h4 {[%clk 00:02:05]  [%emt 00:00:07]}
27... Kg8 {[%clk 00:00:04]  [%emt 00:00:04]} 28. Rf4 {
[%clk 00:01:57]  [%emt 00:00:09]} 28... Be5 {[%clk 00:00:05]  [%emt 00:00:04]}
29. Nxe5 {[%clk 00:01:42]  [%emt 00:00:14]} 29... Rxe5 {
[%clk 00:00:07]  [%emt 00:00:06]} 30. g4 {[%clk 00:01:43]} 30... Nc7 {
[%clk 00:00:09]  [%emt 00:00:03]} 31. c4 {[%clk 00:01:45]} 31... b5 {
[%clk 00:00:06]  [%emt 00:00:06]} 32. b3 {[%clk 00:01:37]  [%emt 00:00:09]}
32... bxc4 {[%clk 00:00:07]  [%emt 00:00:04]} 33. bxc4 {[%clk 00:01:39]} 33...
a6 {[%clk 00:00:05]  [%emt 00:00:11]} 34. Bb6 {[%clk 00:01:24]  [%emt 00:00:09]
} 34... Na8 {[%clk 00:00:05]  [%emt 00:00:17]} 35. Bd4 {[%clk 00:01:24]} 35...
Ree8 {[%clk 00:00:05]  [%emt 00:00:09]} 36. Re1 {[%clk 00:01:25]} 36... Rc8 {
[%clk 00:00:06]} 37. Rexe4 {[%clk 00:01:03]  [%emt 00:00:12]} 37... Rxc4 {
[%clk 00:00:07]  [%emt 00:00:12]} 38. Re7 {[%clk 00:01:05]} 38... Rf7 {
[%clk 00:00:05]} 39. Re8+ {[%clk 00:01:06]} 39... Kh7 {[%clk 00:00:05]} 40.
Rxa8 {[%clk 00:01:07]  [%emt 00:00:10]  Bandera} 1-0